| 000 | 00461nam a2200169 a 4500 | ||
|---|---|---|---|
| 005 | 20230512063719.0 | ||
| 008 | 991125s1973 mx 000 0 spa u | ||
| 035 | _aUPN01000005111 | ||
| 049 | _aCG | ||
| 050 | 4 |
_aJC491 _bE4.38 |
|
| 100 | 1 | _aEllul, Jacques | |
| 245 | 1 | 0 |
_aAutopsia de la revolución / _cJacques Ellul ; tr. Miguel Antonio Enríquez U. |
| 260 |
_aMéxico : _bDiana, _c1973. |
||
| 300 | _a383 p. | ||
| 650 | 4 |
_aRevoluciones _920714 |
|
| 905 | _aLibro | ||
| 999 |
_c5111 _d5111 |
||